[Event "EU-ch Online U16"]
[Site "Tornelo INT"]
[Date "2020.09.18"]
[Round "1"]
[White "Czernek, Tymon"]
[Black "Popov, Gennadios"]
[Result "1-0"]
[WhiteElo "2002"]
[BlackElo "1523"]
[PlyCount "41"]
[EventDate "2020.09.18"]
[EventType "swiss (rapid)"]
[EventRounds "9"]
[EventCountry "NET"]
[SourceTitle "EXT 2023"]
[Source "ChessBase"]
[SourceDate "2022.10.05"]
[SourceVersion "1"]
[SourceVersionDate "2022.10.05"]
[SourceQuality "1"]
[WhiteTeam "Poland"]
[BlackTeam "Zypern"]
[WhiteTeamCountry "POL"]
[BlackTeamCountry "CYP"]

1. e4 c6 2. d4 d5 3. Nc3 e6 4. Nf3 Ne7 5. Bd3 Ng6 6. 0-0 Be7 7. Re1 0-0 8. exd5 cxd5 9. Ne5 Nc6 10. Qg4 Qb6 11. h3 Qxd4 12. Nxc6 Qxg4 13. Nxe7+ Nxe7 14. hxg4 Nc6 15. Bf4 f6 16. g5 e5 17. Bg3 Nd4 18. Nxd5 Bg4 19. gxf6 gxf6 20. Nxf6+ Rxf6 21. Bxe5 1-0